Welcome to CU Library Online Public Access Catalogue (OPAC)

Auditing : (Record no. 2720)

MARC details
000 -LEADER
fixed length control field 00838cam a22002654a 4500
001 - CONTROL NUMBER
control field 13495028
005 - DATE AND TIME OF LATEST TRANSACTION
control field 20250120125324.0
008 - FIXED-LENGTH DATA ELEMENTS--GENERAL INFORMATION
fixed length control field 040219s2005 ohua b 001 0 eng
020 ## - INTERNATIONAL STANDARD BOOK NUMBER
International Standard Book Number 0324223102 (package)
020 ## - INTERNATIONAL STANDARD BOOK NUMBER
International Standard Book Number 032422589X (text)
020 ## - INTERNATIONAL STANDARD BOOK NUMBER
International Standard Book Number 0324225903 (CDROM)
020 ## - INTERNATIONAL STANDARD BOOK NUMBER
International Standard Book Number 0324318901 (ISE package)
020 ## - INTERNATIONAL STANDARD BOOK NUMBER
International Standard Book Number 032431891X (ISE text)
020 ## - INTERNATIONAL STANDARD BOOK NUMBER
International Standard Book Number 9780324223101
050 00 - LIBRARY OF CONGRESS CALL NUMBER
Classification number HF5567
Item number .R658 2005
082 00 - DEWEY DECIMAL CLASSIFICATION NUMBER
Classification number 657/.45
Edition information 22
100 1# - MAIN ENTRY--PERSONAL NAME
Personal name Rittenberg, Larry E.
245 10 - TITLE STATEMENT
Title Auditing :
Remainder of title concepts for a changing environment /
Statement of responsibility, etc. Larry E. Rittenberg, Bradley J. Schwieger.
250 ## - EDITION STATEMENT
Edition statement 5th ed.
260 ## - PUBLICATION, DISTRIBUTION, ETC.
Place of publication, distribution, etc. Mason, Ohio :
Name of publisher, distributor, etc. Thomson/South-Western,
Date of publication, distribution, etc. c2005.
300 ## - PHYSICAL DESCRIPTION
Extent xxix, 788 p. :
Other physical details ill. ;
Dimensions 29 cm. +
Accompanying material 1 CD-ROM (4 3/4 in.)
650 #0 - SUBJECT ADDED ENTRY--TOPICAL TERM
Topical term or geographic name entry element Auditing.
700 1# - ADDED ENTRY--PERSONAL NAME
Personal name Schwieger, Bradley J.
942 ## - ADDED ENTRY ELEMENTS (KOHA)
Source of classification or shelving scheme Library of Congress Classification
Koha item type Books
Edition 5th Ed.
Suppress in OPAC No
999 ## -
-- 2720
-- 2720
Holdings
Withdrawn status Lost status Source of classification or shelving scheme Damaged status Not for loan Collection Home library Current library Shelving location Date acquired Total checkouts Full call number Barcode Date last seen Copy number Price effective from Koha item type
    Library of Congress Classification     Non-fiction Business Library (Miotso) Business Library (Miotso) General stacks 01/20/2025   HF5567 .R658 2005 BSSM00000502 01/20/2025 1 01/20/2025 Books
© 2023-2024 Copyright: Central University Libraries. All Rights Reserved | Created by: Mahone Tech Office